[Event "Ch Bosnia & Herzegovina (team)"]
[Site "masterchessopen.com Jahorina (Bosnia & Herzegovina)"]
[Date "2012.06.09"]
[Round "8"]
[White "Pestek Elvis (BIH)"]
[Black "Galic Zeljko (BIH)"]
[Result "0-1"]
[WhiteElo "2008"]
[BlackElo "2298"]

1.e4 c5 2.Nf3 d6 3.d4 cxd4 4.Nxd4 Nf6 5.Nc3 Nc6 6.Bg5 Bd7 7.Qd2 Rc8 8.O-O-O
Nxd4 9.Qxd4 Qa5 10.Bxf6 gxf6 11.Bc4 Qc5 12.Qxc5 Rxc5 13.Bb3 e6 14.Rd3 Rg8
15.Rg3 Rg6 16.Rxg6 fxg6 17.Re1 Ke7 18.f3 Bh6+ 19.Kd1 f5 20.exf5 gxf5 21.Ne2
Kf6 22.f4 e5 23.fxe5+ dxe5 24.Rf1 Be3 25.Nc3 Bc6 26.Re1 Bd4 27.Re2 Bxc3
28.bxc3 Rxc3 29.Kd2 Rc5 30.Ke3 f4+ 31.Kf2 Rc3 32.Rd2 e4 33.Rd6+ Ke5 34.Re6+
Kf5 35.Re7 e3+ 36.Kf1 Be4 37.g4+ fxg3 38.hxg3 Bxc2 39.Rxb7 Bd3+ {#R} 0-1

[Event "It (open)"]
[Site "masterchessopen.com Pula (Croatia)"]
[Date "2012.06.10"]
[Round "2"]
[White "Fercec Nenad (CRO)"]
[Black "Berke Ana (CRO)"]
[Result "1-0"]
[WhiteElo "2460"]
[BlackElo "2153"]

1.e4 c5 2.Nf3 d6 3.d4 cxd4 4.Nxd4 Nf6 5.Nc3 Nc6 6.Bg5 Bd7 7.Qd2 Rc8 8.f4 Nxd4
9.Qxd4 Qa5 10.e5 dxe5 11.fxe5 e6 12.O-O-O Bc6 13.Nb5 Bxb5 14.exf6 Bc6 15.h4 g6
16.Bc4 Bc5 17.Qg4 h5 18.Qg3 Be4 19.Rhe1 Bf5 20.Rd5 O-O 21.Rxf5 Qb4 22.Rxc5
Rxc5 23.Bb3 a5 24.a3 Qb5 25.a4 Qc6 26.Kb1 Rc8 27.Qd3 Rf5 28.Rd1 Rf2 29.Bh6
Qxg2 30.Bg7 Qc6 31.Qe3 Rxc2 32.Qh6 Rxb2+ 33.Kxb2 Qc3+ 34.Ka2 {#r} 1-0

[Event "It (open) \"]
[Site "masterchessopen.com Lazy (Poland)"]
[Date "2012.07.05"]
[Round "6"]
[White "Antonov Alexandr (RUS)"]
[Black "Shishkin Vadim (UKR)"]
[Result "0-1"]
[WhiteElo "2102"]
[BlackElo "2485"]

1.e4 c5 2.Nf3 Nc6 3.d4 cxd4 4.Nxd4 Nf6 5.Nc3 d6 6.Bg5 Bd7 7.Qd2 h6 8.Bxf6 gxf6
9.O-O-O Nxd4 10.Qxd4 Qa5 11.Nd5 Rc8 12.Kb1 Qc5 13.Qd2 Bg7 14.f4 f5 15.e5 Be6
16.Nc3 O-O 17.Re1 dxe5 18.fxe5 Bxe5 19.Qxh6 Bg7 20.Qg5 Qb6 21.Re3 f4 22.Rf3
Rc5 23.Qxe7 Rxc3 24.Rxc3 Bxc3 25.Qg5+ Bg7 26.c3 Rd8 {#R} 0-1

[Event "Ch Turkey (team)"]
[Site "masterchessopen.com Konya (Turkey)"]
[Date "2012.07.19"]
[Round "10"]
[White "Kerigan Demre (TUR)"]
[Black "Atakisi Umut (TUR)"]
[Result "1-0"]
[WhiteElo "2205"]
[BlackElo "2338"]

1.e4 c5 2.Nf3 Nc6 3.d4 cxd4 4.Nxd4 Nf6 5.Nc3 d6 6.Bg5 Bd7 7.Qd2 h6 8.Bxf6 gxf6
9.O-O-O Nxd4 10.Qxd4 Qa5 11.Bc4 Rc8 12.Qd5 Qxd5 13.Bxd5 b5 14.f4 a5 15.a3 h5
16.Kb1 Rg8 17.g3 Bh6 18.Bb3 Rb8 19.Rd5 f5 20.exf5 a4 21.Ba2 h4 22.Re1 hxg3
23.hxg3 Bg7 24.f6 Bxf6 25.Ne4 Kf8 26.Nxf6 exf6 27.Rxd6 Be8 28.Re3 Rh8 29.Bd5
Rh2 30.Rxf6 Rc8 31.Be4 Rd8 32.Rd3 Rc8 33.Rd1 Re2 34.Bf5 Rc5 35.g4 Rf2 36.Bd3
{#r} 1-0

[Event "It (open)"]
[Site "masterchessopen.com Pardubice (Czech Republic)"]
[Date "2012.07.23"]
[Round "4"]
[White "Kravtsiv Martyn (UKR)"]
[Black "Usmanov Vasily (RUS)"]
[Result "1-0"]
[WhiteElo "2582"]
[BlackElo "2333"]

1.e4 c5 2.Nf3 d6 3.d4 cxd4 4.Nxd4 Nf6 5.Nc3 Nc6 6.Bg5 Bd7 7.Qd2 Rc8 8.f4 Nxd4
9.Qxd4 Qa5 10.e5 dxe5 11.fxe5 e6 12.O-O-O Bc6 13.Nb5 Bxb5 14.exf6 Bc6 15.h4 g6
16.Bc4 Bc5 17.Qg4 h5 18.Qg3 Be4 19.Rhe1 Bf5 20.Rd5 Qb6 21.Bf4 Bb4 22.Be3 Bxe1
23.Qxe1 Qc7 24.Rc5 Qb8 25.Rxc8+ Qxc8 26.Qb4 Qc7 27.Bxa7 Kd7 28.Bb6 Qf4+ 29.Kb1
Qe5 30.Bb5+ Kc8 31.Qa5 Qd6 32.Qa8+ Qb8 33.Qa4 Qd6 34.Bd7+ {#r} 1-0

[Event "It (open)"]
[Site "masterchessopen.com Vlissingen (Netherlands)"]
[Date "2012.08.04"]
[Round "1"]
[White "Ganguly Surya Shekhar (IND)"]
[Black "Hogerhorst Tony (NED)"]
[Result "1-0"]
[WhiteElo "2627"]
[BlackElo "1922"]

1.e4 c5 2.Nf3 Nc6 3.d4 cxd4 4.Nxd4 Nf6 5.Nc3 d6 6.Bg5 Bd7 7.Qd2 Nxd4 8.Qxd4
Qa5 9.f4 Bc6 10.O-O-O Nd7 11.Kb1 Qc5 12.Qd2 g6 13.Nd5 Bxd5 14.exd5 Bg7 15.Be2
Rc8 16.c3 Qb6 17.Rc1 Qf2 18.Rce1 f6 19.Rhf1 Qb6 20.Bh4 f5 21.Bf3 Nf6 22.Re6
Kf7 23.Rfe1 Rhe8 24.Qe2 Qd8 25.h3 Rc5 26.g4 fxg4 27.hxg4 a5 28.f5 a4 29.a3 Qd7
30.Be4 Qb5 31.Bd3 Qb3 32.Rxe7+ {#r} 1-0

[Event "It (cat.2)"]
[Site "masterchessopen.com Donskoj (Russia)"]
[Date "2012.08.05"]
[Round "7"]
[White "Pendurin Evgeniy (UKR)"]
[Black "Rzayev Bahruz (AZE)"]
[Result "0-1"]
[WhiteElo "2093"]
[BlackElo "2351"]

1.e4 c5 2.Nf3 Nc6 3.d4 cxd4 4.Nxd4 Nf6 5.Nc3 d6 6.Bg5 Bd7 7.Qd2 Rc8 8.O-O-O h6
9.Bxf6 gxf6 10.Kb1 Nxd4 11.Qxd4 Qa5 12.Be2 h5 13.h4 Rg8 14.g3 f5 15.Nd5 Bg7
16.Qe3 Qc5 17.Qxc5 Rxc5 18.exf5 Bxf5 19.Ne3 Be4 20.Rhe1 Bc6 21.c3 Kd7 22.Nc2
Rf5 23.Rd2 Bh6 24.Bd3 Bxd2 25.Bxf5+ e6 26.Rd1 exf5 27.Rxd2 f4 28.Nd4 Be4+
29.Kc1 fxg3 30.fxg3 Rxg3 31.Nb5 d5 32.Nxa7 f5 33.Rh2 f4 34.Nb5 Rg1+ 35.Kd2 Rb1
36.Rf2 Rxb2+ 37.Ke1 Rxb5 {#R} 0-1

[Event "It (open)"]
[Site "masterchessopen.com Latschach (Austria)"]
[Date "2012.08.16"]
[Round "7"]
[White "Schmuecker Felix (GER)"]
[Black "Salmoiraghi Angelo (ITA)"]
[Result "0-1"]
[WhiteElo "2035"]
[BlackElo "2180"]

1.e4 c5 2.Nf3 Nc6 3.d4 cxd4 4.Nxd4 Nf6 5.Nc3 d6 6.Bg5 Bd7 7.Qd2 h6 8.Bxf6 gxf6
9.Be2 Nxd4 10.Qxd4 Qa5 11.f4 Rc8 12.O-O-O Qc5 13.Qd3 f5 14.e5 Bg7 15.exd6 e6
16.Nb5 O-O 17.Na3 Qb4 18.Qb3 Qxf4+ 19.Rd2 Ba4 20.Qg3 Qb4 21.c3 f4 22.Nc2 Qxb2+
23.Kxb2 fxg3 24.Nd4 Rfd8 25.hxg3 Rxd6 26.Bd1 Bxd1 27.Rhxd1 Rcd8 28.g4 Bxd4
29.cxd4 Rd5 30.Kc3 Kg7 31.Re1 Kg6 32.Re4 e5 33.Rb2 exd4+ 34.Kd3 b6 35.Re7 R8d7
36.Rbe2 Rxe7 37.Rxe7 Ra5 {#R} 0-1

[Event "Ch Europe (juniors) (under 12) (g)"]
[Site "masterchessopen.com Prague (Czech Republic)"]
[Date "2012.08.24"]
[Round "8"]
[White "Marjanovics Annamaria"]
[Black "Sieber Fiona"]
[Result "1-0"]
[WhiteElo "1881"]
[BlackElo "1781"]

1.e4 c5 2.Nf3 d6 3.d4 cxd4 4.Nxd4 Nf6 5.Nc3 Nc6 6.Bg5 Bd7 7.Qd2 Rc8 8.f4 Nxd4
9.Qxd4 Qa5 10.O-O-O Rxc3 11.bxc3 e5 12.Qd3 Qxa2 13.Kd2 Bc6 14.Bxf6 gxf6 15.g3
Rg8 16.Bh3 Qa4 17.Rhe1 Ke7 18.Ra1 Qb5 19.Qxb5 Bxb5 20.Rxa7 Bc6 21.Bc8 Bh6
22.Bxb7 Bxb7 23.Rxb7+ Ke6 24.Ke3 Rc8 25.Kf3 exf4 26.gxf4 f5 27.exf5+ Kxf5
28.Rxf7+ Kg6 29.Rd7 Rxc3+ 30.Kg4 Kf6 31.Rxd6+ Kg7 32.Re7+ Kf8 33.Rxh7 Bg7
34.Rd7 Bf6 35.Rc7 Kg8 36.Rxc3 {#r} 1-0

[Event "Ch Bulgaria (team) (Gr.B)"]
[Site "masterchessopen.com Sunny Beach (Bulgaria)"]
[Date "2012.09.19"]
[Round "1"]
[White "Kostov Galin (BUL)"]
[Black "Gochev Mladen (BUL)"]
[Result "0-1"]
[WhiteElo "2170"]
[BlackElo "2291"]

1.e4 c5 2.Nf3 Nc6 3.d4 cxd4 4.Nxd4 Nf6 5.Nc3 d6 6.Bg5 Bd7 7.Qd2 h6 8.Bxf6 gxf6
9.Bc4 h5 10.Nf5 Qa5 11.O-O Bxf5 12.exf5 Qxf5 13.Rfe1 e6 14.Bb5 O-O-O 15.Bxc6
bxc6 16.Qd4 Rd7 17.Qc4 Rc7 18.Qa6+ Kd7 19.Ne4 Be7 20.c4 h4 21.Re3 h3 22.g3 Rb8
23.Rd1 {#R} 0-1

[Event "It (cat.9)"]
[Site "masterchessopen.com Copenhagen (Denmark)"]
[Date "2012.10.14"]
[Round "5"]
[White "Ninov Nikolai (BUL)"]
[Black "Mikkelsen Nikolaj (DEN)"]
[Result "1-0"]
[WhiteElo "2507"]
[BlackElo "2431"]

1.e4 c5 2.Nf3 Nc6 3.d4 cxd4 4.Nxd4 Nf6 5.Nc3 d6 6.Bg5 Bd7 7.Qd2 Rc8 8.Bxf6
gxf6 9.Nf5 Qa5 10.Bd3 e6 11.Ne3 Nb4 12.O-O Nxd3 13.cxd3 Rg8 14.f4 Qh5 15.Kh1
Bc6 16.d4 Bh6 17.Rf3 Qh4 18.d5 Bd7 19.dxe6 fxe6 20.Rh3 Qxf4 21.Ne2 Rxg2
22.Kxg2 Qxe4+ 23.Kf2 Rc2 24.Qxd6 Bf4 25.Qa3 Bb5 26.Re1 Rd2 27.Qc5 Bd3 28.Qh5+
Kf8 29.Qf3 Qb4 30.a3 Qd6 31.Kg1 Bg5 32.Nf1 Bf5 33.Nxd2 Qxd2 34.Kf1 Qxb2 35.Rg3
Bh4 36.Qc3 Qxc3 37.Rxc3 Bxe1 38.Kxe1 Be4 39.Re3 f5 40.Nc3 {#r} 1-0